| 000 | 01167nam a22003377a 4500 | ||
|---|---|---|---|
| 003 | CHAP | ||
| 005 | 20220329135622.0 | ||
| 008 | 971013s1995 r 00010 d | ||
| 010 | _a39391 | ||
| 011 | _a40363 | ||
| 035 | _a44488 | ||
| 040 | _cCHAP | ||
| 090 | _aTesis | ||
| 100 | 0 | 0 |
_aSánchez Villagrán, Ignacio. _9107919 |
| 245 | _aEfecto del GA3 en la calidad de semilla y rendimiento de ejote (Phaseolus vulgaris L.) var. Black valentine | ||
| 260 |
_aChapingo, Méx. : _bEl autor, _c1995 |
||
| 300 | _a74 h. | ||
| 502 | _aTesis (Ing. Agr. Esp. en Fitotecnia) -- UACH. Departamento de Fitotecnia | ||
| 590 |
_aALEPH _b10 _c20130110 _lUCH01 _h1307 |
||
| 590 |
_aBATCH-UPD _b10 _c20130110 _lUCH01 _h1758 |
||
| 590 |
_aBATCH-UPD _b10 _c20130410 _lUCH01 _h1135 |
||
| 590 |
_aBATCH-UPD _b10 _c20130914 _lUCH01 _h1254 |
||
| 590 |
_aCONVERSION _b10 _c20130109 _lUCH01 _h1322 |
||
| 650 | 1 | 4 |
_aAcido giberelico _xEfecto en plantas. _9587 |
| 650 | 1 | 4 |
_aEjote _xRendimiento. _936077 |
| 650 | 1 | 4 |
_aEjote _xSemilla. _936078 |
| 901 | _aBK | ||
| 942 | _cFOLL | ||
| 949 |
_bBC _cTES _d-101876 _eTS1 _h27855 _i44488 _si |
||
| 949 |
_bBC _cTES _d33724000005039 _eTS2 _fc.2 _h27856 _i44488 _si |
||
| 999 |
_c39391 _d39391 |
||